[Event "September TNT"]
[Site "Winnipeg CAN"]
[Date "2002.09.24"]
[Round "4"]
[White "Proulx, Roy"]
[Black "Anderson, Collin"]
[Result "1-0"]
[WhiteElo "1755"]
[BlackElo "1507"]
[PlyCount "39"]
[EventDate "2002.09.03"]
[EventType "swiss"]
[EventRounds "4"]
[EventCountry "CAN"]

1. e4 c5 2. Nf3 a6 3. d4 cxd4 4. Nxd4 Nc6 5. Nc3 d6 6. Be2 Nf6 7. O-O e6 8. Bg5
Be7 9. Kh1 Qc7 10. f4 Rb8 11. e5 dxe5 12. fxe5 Nxe5 13. Bf4 Nfd7 14. Nf3 Ra8
15. Nxe5 Nxe5 16. Qd4 Bf6 17. Ne4 Bd7 18. Nd6+ Ke7 19. Bxe5 Bxe5 20. Rxf7+ 1-0

[Event "September TNT"]
[Site "Winnipeg CAN"]
[Date "2002.09.24"]
[Round "4"]
[White "Van Wyk, Joseph"]
[Black "Prystenski, Arthur"]
[Result "0-1"]
[WhiteElo "1833"]
[BlackElo "2223"]
[PlyCount "78"]
[EventDate "2002.09.03"]
[EventType "swiss"]
[EventRounds "4"]
[EventCountry "CAN"]

1. e4 e6 2. d4 d5 3. exd5 exd5 4. Nf3 Bg4 5. Be2 Bd6 6. Nc3 c6 7. O-O Ne7 8.
Re1 Qc7 9. h3 Bf5 10. Bd3 Bxd3 11. Qxd3 Nd7 12. Bg5 f6 13. Bd2 O-O-O 14. a3 g5
15. b4 a6 16. a4 h5 17. b5 Nb8 18. Reb1 g4 19. Ne1 Qd7 20. h4 g3 21. fxg3 Rhg8
22. Ne2 Nf5 23. bxa6 bxa6 24. Ba5 Rde8 25. Rxb8+ Bxb8 26. Rb1 Nd6 27. Qxa6+ Nb7
28. Rb6 Re6 29. Nd3 Rxe2 30. Nc5 Rxg2+ 31. Kxg2 Rxg3+ 32. Kf2 Qf5+ 33. Ke1 Rg1+
34. Kd2 Rg2+ 35. Kc3 Qxc2+ 36. Kb4 Qd2+ 37. Ka3 Qa2+ 38. Kb4 Qb2+ 39. Nb3 Bd6#
0-1

[Event "September TNT"]
[Site "Winnipeg CAN"]
[Date "2002.09.24"]
[Round "4"]
[White "Wasney, Mark"]
[Black "Rutter, Blair"]
[Result "1-0"]
[WhiteElo "1777"]
[BlackElo "1613"]
[PlyCount "59"]
[EventDate "2002.09.03"]
[EventType "swiss"]
[EventRounds "4"]
[EventCountry "CAN"]

1. b3 d5 2. Bb2 Nf6 3. Nf3 Bf5 4. e3 e6 5. Be2 Bd6 6. Nh4 Bg6 7. Nxg6 hxg6 8.
f4 Rh7 9. c4 Ne4 10. O-O Qh4 11. h3 Be7 12. cxd5 exd5 13. Qc2 c6 14. Nc3 Nf6
15. Nb5 cxb5 16. Qc8+ Bd8 17. Bxb5+ Nfd7 18. Bxd7+ Nxd7 19. Qxa8 b6 20. Qxd5
Rh5 21. Qe4+ Kf8 22. Ba3+ Nc5 23. d4 Kg8 24. dxc5 bxc5 25. Rad1 Bb6 26. Qc4 Qe7
27. Rfe1 Rh4 28. Rd5 Kh7 29. Bxc5 Bxc5 30. Rxc5 1-0

[Event "Simcoe Day U1700"]
[Site "Toronto CAN"]
[Date "2002.08.03"]
[Round "2"]
[White "Ostapchuk, David"]
[Black "Kop, Michael"]
[Result "1-0"]
[WhiteElo "1575"]
[BlackElo "1514"]
[PlyCount "37"]
[EventDate "2002.08.03"]
[EventType "swiss"]
[EventRounds "6"]
[EventCountry "CAN"]

1. e4 c5 2. Bc4 Nc6 3. Nc3 e6 4. f4 d6 5. Nf3 g6 6. d4 cxd4 7. Nxd4 Bg7 8. Ndb5
Bf8 9. O-O a6 10. Nd4 Qb6 11. Be3 Bg7 12. Nf5 Qxb2 13. Nxg7+ Kf8 14. Nxe6+ fxe6
15. Qxd6+ Nge7 16. Bd4 Rg8 17. Rab1 Qxc2 18. Rf2 Nxd4 19. Qxd4 1-0

[Event "Simcoe Day U1700"]
[Site "Toronto CAN"]
[Date "2002.08.04"]
[Round "4"]
[White "Kop, Michael"]
[Black "Douglas, Richard"]
[Result "1-0"]
[WhiteElo "1514"]
[BlackElo "1379"]
[PlyCount "85"]
[EventDate "2002.08.03"]
[EventType "swiss"]
[EventRounds "6"]
[EventCountry "CAN"]

1. e4 Nf6 2. e5 Nd5 3. d4 d6 4. c4 Nb6 5. exd6 exd6 6. Nf3 Bg4 7. Be2 Nc6 8.
O-O Qd7 9. Nc3 Bxf3 10. Bxf3 O-O-O 11. b3 g6 12. Bb2 Bg7 13. Nb5 Kb8 14. Bxc6
bxc6 15. Nc3 d5 16. c5 Nc8 17. a4 Ne7 18. b4 Nf5 19. Ne2 Rhe8 20. Re1 Re7 21.
Bc3 Rde8 22. Rb1 Ka8 23. b5 Re4 24. b6 axb6 25. cxb6 cxb6 26. Qd3 Ka7 27. Rb4
Qe6 28. Rxb6 Kxb6 29. Rb1+ Kc7 30. Ba5+ Kd6 31. Qa3+ Kd7 32. Rb7+ Kc8 33. Rc7+
Kd8 34. Rxf7+ Kc8 35. Rc7+ Kd8 36. Rxg7+ Kc8 37. Rc7+ Kd8 38. Rxh7+ Kc8 39.
Rc7+ Kd8 40. Rf7+ Kc8 41. Rc7+ Kd8 42. Qb4 Qc8 43. Ra7+ 1-0

[Event "Simcoe Day U1700"]
[Site "Toronto CAN"]
[Date "2002.08.05"]
[Round "5"]
[White "Juma, Sadiq"]
[Black "Kop, Michael"]
[Result "1-0"]
[WhiteElo "1370"]
[BlackElo "1514"]
[PlyCount "49"]
[EventDate "2002.08.03"]
[EventType "swiss"]
[EventRounds "6"]
[EventCountry "CAN"]

1. e4 c5 2. Nf3 d6 3. d4 cxd4 4. Nxd4 Nf6 5. Nc3 e6 6. Bc4 Be7 7. Be3 a6 8. Bb3
b5 9. a3 Qc7 10. O-O Nc6 11. f4 Bd7 12. f5 e5 13. Nde2 O-O 14. Ng3 Na5 15. Nd5
Nxd5 16. Bxd5 Bc6 17. Qg4 Kh8 18. f6 gxf6 19. Nh5 Rg8 20. Qh4 f5 21. Nf6 Rg7
22. Rxf5 Rag8 23. Rh5 Bxf6 24. Qxf6 Qd8 25. Rxh7+ 1-0

[Event "Simcoe Day U2100"]
[Site "Toronto CAN"]
[Date "2002.08.03"]
[Round "1"]
[White "Henry, Liam"]
[Black "Dutton, Warren"]
[Result "1/2-1/2"]
[WhiteElo "1982"]
[BlackElo "1747"]
[PlyCount "125"]
[EventDate "2002.08.03"]
[EventType "swiss"]
[EventRounds "6"]
[EventCountry "CAN"]

1. e4 c5 2. Nf3 Nc6 3. d4 cxd4 4. Nxd4 Nf6 5. Nc3 d6 6. Bc4 g6 7. f3 Bg7 8. Be3
O-O 9. Qd2 Bd7 10. O-O-O Ne5 11. Bb3 Re8 12. g4 Rc8 13. Kb1 Nc4 14. Qe2 Nxe3
15. Qxe3 Qb6 16. Qd2 Bc6 17. h4 Nd7 18. h5 Qxd4 19. Qxd4 Bxd4 20. Rxd4 Ne5 21.
hxg6 hxg6 22. Rh3 Kg7 23. Rd1 Rh8 24. Rg3 b5 25. f4 Nc4 26. Bxc4 bxc4 27. a3
Rh2 28. Nd5 Bxd5 29. Rxd5 Re2 30. e5 Rh8 31. b3 cxb3 32. Rxb3 Rc8 33. Rb2 dxe5
34. fxe5 Rc4 35. g5 Rc7 36. Rb8 f6 37. exf6+ exf6 38. gxf6+ Kxf6 39. Rd6+ Re6
40. Rxe6+ Kxe6 41. Kb2 g5 42. Rg8 Kf5 43. Kb3 g4 44. c4 Kf4 45. Kb4 g3 46. Kb5
Rh7 47. c5 Rh5 48. Kc6 Rg5 49. Rf8+ Rf5 50. Rg8 Rg5 51. Rf8+ Ke3 52. Rf1 Ke2
53. Rc1 g2 54. Kd6 g1=Q 55. Rxg1 Rxg1 56. c6 a5 57. Kc5 Rb1 58. c7 Kd3 59. a4
Rc1+ 60. Kb6 Rxc7 61. Kxc7 Kc4 62. Kc6 Kb4 63. Kd5 1/2-1/2

[Event "Simcoe Day U2100"]
[Site "Toronto CAN"]
[Date "2002.08.03"]
[Round "1"]
[White "Laughlin, Steve"]
[Black "Verma, Tony"]
[Result "1-0"]
[WhiteElo "2010"]
[BlackElo "1819"]
[PlyCount "83"]
[EventDate "2002.08.03"]
[EventType "swiss"]
[EventRounds "6"]
[EventCountry "CAN"]

1. e4 c5 2. c3 Nc6 3. d4 cxd4 4. cxd4 d5 5. exd5 Qxd5 6. Nf3 e6 7. Nc3 Qd8 8.
Bd3 Nf6 9. O-O a6 10. Re1 Be7 11. Bf4 O-O 12. Rc1 Bd7 13. a3 Rc8 14. b4 Na7 15.
Qe2 Bc6 16. Be3 Nd5 17. Nxd5 Bxd5 18. Rxc8 Qxc8 19. Rc1 Qb8 20. Ne5 Qd8 21. Qh5
f5 22. g4 Be4 23. Bxe4 fxe4 24. Qh3 Nb5 25. Rd1 Nxa3 26. g5 Rf5 27. g6 hxg6 28.
Nxg6 Kf7 29. Nf4 Nc4 30. d5 Rg5+ 31. Kh1 exd5 32. Ne6 Qd6 33. Nxg5+ Bxg5 34.
Bxg5 d4 35. Qf5+ Kg8 36. Qxe4 Qxb4 37. Qxd4 b5 38. Qd8+ Kf7 39. Qd7+ Kg6 40.
Qg4 Qb3 41. Be3+ Kf7 42. Rd7+ 1-0

[Event "Simcoe Day U2100"]
[Site "Toronto CAN"]
[Date "2002.08.03"]
[Round "2"]
[White "Dutton, Warren"]
[Black "Leung, Victor"]
[Result "1-0"]
[WhiteElo "1998"]
[BlackElo "1896"]
[PlyCount "85"]
[EventDate "2002.08.03"]
[EventType "swiss"]
[EventRounds "6"]
[EventCountry "CAN"]

1. e4 e5 2. Nf3 Nf6 3. Nc3 Nc6 4. d4 exd4 5. Nxd4 Bb4 6. Nxc6 bxc6 7. Bd3 d6 8.
O-O O-O 9. h3 Re8 10. Qf3 d5 11. exd5 cxd5 12. Bg5 Bxc3 13. bxc3 Re6 14. Rad1
Bb7 15. Qf5 h6 16. Bh4 c5 17. Rfe1 g6 18. Qf3 g5 19. Rxe6 fxe6 20. Bg3 Rc8 21.
Re1 Qe7 22. Be5 Kg7 23. c4 Bc6 24. cxd5 Bxd5 25. Qe2 Bxa2 26. Qe4 Kf8 27. Qg6
Ng8 28. c4 Bb3 29. Re3 Bd1 30. Kf1 Rd8 31. Ke1 Qf7 32. Qxf7+ Kxf7 33. Kxd1 Ne7
34. Rf3+ Ke8 35. Bf6 a5 36. Ke2 a4 37. Bc2 Ra8 38. Bxe7 Kxe7 39. Ra3 Rg8 40.
Rxa4 g4 41. h4 g3 42. f3 Rd8 43. Ra7+ 1-0

[Event "Simcoe Day U2100"]
[Site "Toronto CAN"]
[Date "2002.08.04"]
[Round "3"]
[White "Dutton, Warren"]
[Black "Takov, Chris"]
[Result "0-1"]
[WhiteElo "1998"]
[BlackElo "1909"]
[PlyCount "74"]
[EventDate "2002.08.03"]
[EventType "swiss"]
[EventRounds "6"]
[EventCountry "CAN"]

1. e4 g6 2. f4 Bg7 3. Nf3 d6 4. Bc4 Nf6 5. Nc3 Nc6 6. Bb3 Na5 7. d4 Nxb3 8.
axb3 a6 9. O-O O-O 10. Qe1 c6 11. Qh4 e6 12. e5 dxe5 13. fxe5 Nd5 14. Bg5 f6
15. Bh6 g5 16. Qh5 Nf4 17. Qg4 Bxh6 18. Kh1 b5 19. exf6 Qxf6 20. Ne5 Qg7 21.
Rf3 c5 22. Ne2 cxd4 23. Nxf4 Rxf4 24. Rxf4 gxf4 25. Qh5 Bb7 26. Ng4 Bg5 27. h4
Bf6 28. Re1 e5 29. Qf5 Rf8 30. Qe6+ Kh8 31. Qd6 h5 32. Qxf8+ Qxf8 33. Nxe5
Bxg2+ 34. Kh2 Bxe5 35. Rxe5 f3 36. Rxh5+ Kg7 37. Rg5+ Kh6 0-1

[Event "Simcoe Day U2100"]
[Site "Toronto CAN"]
[Date "2002.08.05"]
[Round "5"]
[White "Thavandiran, Nimalan"]
[Black "Dutton, Warren"]
[Result "1/2-1/2"]
[WhiteElo "1713"]
[BlackElo "1998"]
[PlyCount "123"]
[EventDate "2002.08.03"]
[EventType "swiss"]
[EventRounds "6"]
[EventCountry "CAN"]

1. e4 c5 2. Nc3 Nc6 3. g3 g6 4. Bg2 Bg7 5. Nge2 e6 6. O-O Nge7 7. d3 O-O 8. Be3
Nd4 9. Qd2 Qa5 10. Nc1 Rb8 11. Nb3 Qc7 12. Nd1 d6 13. c3 Ndc6 14. Bh6 b6 15.
Bxg7 Kxg7 16. Ne3 Ng8 17. f4 f5 18. Rad1 Ba6 19. Rf2 Nf6 20. h3 Bb7 21. g4 Ne7
22. Qc2 Bc6 23. Nd2 Kh8 24. Re1 Rbd8 25. exf5 exf5 26. g5 Nh5 27. Bxc6 Qxc6 28.
Qd1 Rde8 29. Ng2 Nd5 30. Rxe8 Rxe8 31. Qf3 b5 32. Nf1 Qa8 33. Nfe3 Nxe3 34.
Qxa8 Rxa8 35. Nxe3 Re8 36. Ng2 Kg7 37. Rd2 a5 38. Kf2 Re6 39. Kf3 d5 40. Re2
Rxe2 41. Kxe2 Kf7 42. d4 cxd4 43. cxd4 Ke6 44. Kd3 Kd6 45. Kc3 Ng3 46. Kd3 Ne4
47. h4 Nf2+ 48. Ke2 Ne4 49. Kd3 Kc6 50. Ne3 Nd6 51. b3 b4 52. Kc2 Nb5 53. Kd3
Nc7 54. Nc2 Ne6 55. Ke3 Kb5 56. Kf3 a4 57. Kg3 a3 58. Kf3 Ka5 59. Ke3 Nc7 60.
Ne1 Nb5 61. Nd3 Nc3 62. Nc1 1/2-1/2

[Event "Simcoe Day U2100"]
[Site "Toronto CAN"]
[Date "2002.08.05"]
[Round "6"]
[White "Dutton, Warren"]
[Black "Haziprodromu, Sam"]
[Result "1-0"]
[WhiteElo "1998"]
[BlackElo "1823"]
[PlyCount "101"]
[EventDate "2002.08.03"]
[EventType "swiss"]
[EventRounds "6"]
[EventCountry "CAN"]

1. e4 e5 2. Nf3 Nc6 3. Bc4 Bc5 4. O-O d6 5. h3 Nf6 6. c3 h6 7. d4 Bb6 8. dxe5
dxe5 9. Qxd8+ Nxd8 10. Nxe5 Nxe4 11. Be3 Bxe3 12. fxe3 O-O 13. Rf4 Nd6 14. Bb3
Ne6 15. Rf1 Nc5 16. Nd2 Nxb3 17. axb3 Re8 18. Ndc4 Nxc4 19. Nxc4 Be6 20. Rae1
Bxc4 21. bxc4 Rad8 22. Rd1 Kf8 23. Kf2 Ke7 24. Ke2 Ke6 25. Rd4 Ke7 26. Ra1 Ra8
27. Rad1 Red8 28. b3 Rxd4 29. cxd4 a5 30. Kd3 f5 31. Kc3 Kd6 32. Rf1 Ke6 33. g4
g6 34. gxf5+ gxf5 35. Rg1 Kf6 36. h4 Re8 37. Kd3 Re4 38. h5 Rg4 39. Rxg4 fxg4
40. c5 c6 41. e4 Kg5 42. d5 cxd5 43. exd5 Kf5 44. Ke3 Ke5 45. d6 Ke6 46. Kf4 b5
47. cxb6 Kxd6 48. Kxg4 Kc6 49. Kf5 Kxb6 50. Kg6 Kb5 51. Kxh6 1-0

[Event "Simcoe Day U2100"]
[Site "Toronto CAN"]
[Date "2002.08.05"]
[Round "6"]
[White "Takov, Chris"]
[Black "Laughlin, Steve"]
[Result "0-1"]
[WhiteElo "1909"]
[BlackElo "2010"]
[PlyCount "50"]
[EventDate "2002.08.03"]
[EventType "swiss"]
[EventRounds "6"]
[EventCountry "CAN"]

1. c4 Nf6 2. d4 g6 3. Nc3 Bg7 4. Bg5 d6 5. g3 h6 6. Bf4 Nbd7 7. h4 e5 8. dxe5
dxe5 9. Bd2 O-O 10. Qc1 h5 11. Nf3 Re8 12. Bh6 e4 13. Bxg7 Kxg7 14. Ng5 e3 15.
fxe3 Ng4 16. Nd5 c6 17. Qc3+ f6 18. Nf4 Nde5 19. Ne4 Bf5 20. Rd1 Qxd1+ 21. Kxd1
Bxe4 22. Rg1 Nxc4 23. Ng2 Rad8+ 24. Kc1 Nf2 25. b3 Rd1# 0-1

[Event "Simcoe Day op"]
[Site "Toronto CAN"]
[Date "2002.08.03"]
[Round "1"]
[White "Mahadevan, Suresh"]
[Black "Thavandiran, Shiyam"]
[Result "1-0"]
[WhiteElo "2235"]
[BlackElo "2013"]
[PlyCount "53"]
[EventDate "2002.08.03"]
[EventType "swiss"]
[EventRounds "6"]
[EventCountry "CAN"]

1. e4 e6 2. Nf3 d5 3. exd5 exd5 4. d4 Nf6 5. Bd3 Be7 6. c3 O-O 7. Qc2 Bg4 8.
Be3 Nbd7 9. Nbd2 c5 10. h3 Bh5 11. Ne5 Bg6 12. Bxg6 hxg6 13. Ndf3 Ne4 14. O-O-O
c4 15. h4 Ndf6 16. Ng5 Qc7 17. Rh3 b5 18. Rdh1 a5 19. f3 Nd6 20. h5 Nf5 21.
hxg6 Nh6 22. Rxh6 gxh6 23. gxf7+ Rxf7 24. Ne6 Qxe5 25. Qg6+ Kh8 26. Rxh6+ Nh7
27. dxe5 1-0

[Event "Simcoe Day op"]
[Site "Toronto CAN"]
[Date "2002.08.03"]
[Round "1"]
[White "Noritsyn, Nikolay"]
[Black "Findlay, Ian"]
[Result "1/2-1/2"]
[WhiteElo "2065"]
[BlackElo "2382"]
[PlyCount "45"]
[EventDate "2002.08.03"]
[EventType "swiss"]
[EventRounds "6"]
[EventCountry "CAN"]

1. e4 c5 2. Nf3 d6 3. d4 cxd4 4. Nxd4 Nf6 5. Nc3 g6 6. Be3 Bg7 7. f3 Nc6 8. Qd2
O-O 9. O-O-O d5 10. exd5 Nxd5 11. Nxc6 bxc6 12. Bd4 e5 13. Bc5 Be6 14. Ne4 Re8
15. g4 h6 16. Bc4 a5 17. h4 a4 18. h5 g5 19. Rhe1 Qc7 20. Bd6 Qb6 21. Bc5 Qc7
22. Bd6 Qb6 23. Bc5 1/2-1/2

[Event "Simcoe Day op"]
[Site "Toronto CAN"]
[Date "2002.08.03"]
[Round "1"]
[White "Parcham Kashani, Alborz"]
[Black "Miller, Evgeny"]
[Result "0-1"]
[WhiteElo "2000"]
[BlackElo "2191"]
[PlyCount "70"]
[EventDate "2002.08.03"]
[EventType "swiss"]
[EventRounds "6"]
[EventCountry "CAN"]

1. e4 c6 2. d4 d5 3. Nc3 dxe4 4. Nxe4 Nd7 5. Bd3 Ngf6 6. Nxf6+ Nxf6 7. Nf3 Bg4
8. Be3 e6 9. h3 Bh5 10. g4 Bg6 11. Ne5 Bd6 12. Bf4 Nd5 13. Bg3 Bxd3 14. Qxd3 f6
15. Nc4 Bxg3 16. Qxg3 O-O 17. O-O-O Nb4 18. a3 Nd5 19. h4 b5 20. Ne3 b4 21.
Nxd5 exd5 22. axb4 a5 23. Qc3 axb4 24. Qxb4 Qc7 25. Kb1 Rfb8 26. Qc5 Rb5 27.
Qc3 Qd6 28. Rde1 Ra3 29. b3 Ra8 30. Rh3 c5 31. dxc5 Rxc5 32. Qd4 Qa6 33. Re8+
Rxe8 34. Qxc5 Re1+ 35. Kb2 Qa1# 0-1

[Event "Simcoe Day op"]
[Site "Toronto CAN"]
[Date "2002.08.03"]
[Round "1"]
[White "Tang, Charlie"]
[Black "Daniel, Kelvin"]
[Result "1-0"]
[WhiteElo "2313"]
[BlackElo "2064"]
[PlyCount "57"]
[EventDate "2002.08.03"]
[EventType "swiss"]
[EventRounds "6"]
[EventCountry "CAN"]

1. d4 d5 2. e3 Nf6 3. Bd3 Nbd7 4. f4 c5 5. c3 e6 6. Nd2 Bd6 7. Ngf3 Ng4 8. Ne5
Bxe5 9. Qxg4 Bf6 10. Nf3 e5 11. fxe5 Nxe5 12. Bb5+ Nc6 13. Qf4 g5 14. Qg3 g4
15. O-O Qe7 16. Ne5 Bxe5 17. dxe5 Be6 18. e4 O-O-O 19. Bf4 Qc7 20. Rad1 h5 21.
Bg5 Ne7 22. Qh4 Qb6 23. Bxe7 Qxb5 24. Bxd8 Rxd8 25. b3 Qe2 26. exd5 Bxd5 27.
Qf2 Qxe5 28. Qxc5+ Bc6 29. Qxe5 1-0

[Event "Simcoe Day op"]
[Site "Toronto CAN"]
[Date "2002.08.03"]
[Round "2"]
[White "Boross Harmer, Peter"]
[Black "Mahadevan, Suresh"]
[Result "1/2-1/2"]
[WhiteElo "2023"]
[BlackElo "2235"]
[PlyCount "27"]
[EventDate "2002.08.03"]
[EventType "swiss"]
[EventRounds "6"]
[EventCountry "CAN"]

1. d4 f5 2. g3 Nf6 3. Bg2 e6 4. c4 d5 5. Nc3 c6 6. Qd3 Be7 7. Nf3 O-O 8. O-O b6
9. Ne5 Qc7 10. Bf4 Bd6 11. b4 Nbd7 12. Nxd7 Qxd7 13. Bxd6 Qxd6 14. c5 1/2-1/2

[Event "Simcoe Day op"]
[Site "Toronto CAN"]
[Date "2002.08.03"]
[Round "2"]
[White "Daniel, Kelvin"]
[Black "Parcham Kashani, Alborz"]
[Result "1-0"]
[WhiteElo "2064"]
[BlackElo "2000"]
[PlyCount "23"]
[EventDate "2002.08.03"]
[EventType "swiss"]
[EventRounds "6"]
[EventCountry "CAN"]

1. e4 e5 2. Nf3 Nf6 3. d4 exd4 4. e5 Qe7 5. Be2 Nd5 6. Qxd4 Nb6 7. Bf4 Nc6 8.
Qd2 Qe6 9. O-O Bc5 10. a3 a5 11. Nc3 Nc4 12. Qd5 1-0

[Event "Simcoe Day op"]
[Site "Toronto CAN"]
[Date "2002.08.03"]
[Round "2"]
[White "Findlay, Ian"]
[Black "Manalo, Pepin"]
[Result "1-0"]
[WhiteElo "2382"]
[BlackElo "1895"]
[PlyCount "87"]
[EventDate "2002.08.03"]
[EventType "swiss"]
[EventRounds "6"]
[EventCountry "CAN"]

1. e4 g6 2. d4 Bg7 3. Nc3 d6 4. Nf3 Nf6 5. Be2 Nbd7 6. O-O c5 7. e5 dxe5 8.
dxe5 Ng4 9. e6 Nde5 10. Nxe5 Qxd1 11. Bb5+ Kf8 12. Rxd1 Bxe5 13. h3 Bxe6 14.
hxg4 Bxg4 15. Bh6+ Bg7 16. Bxg7+ Kxg7 17. f3 Bf5 18. g4 Be6 19. Bd7 Bc4 20. b3
Ba6 21. Kf2 e6 22. Bb5 Bxb5 23. Nxb5 Kf6 24. Rd7 h5 25. g5+ Kxg5 26. Nd6 Rh7
27. Rg1+ Kf4 28. Nxb7 c4 29. Nc5 e5 30. Rxg6 fxg6 31. Rxh7 cxb3 32. Ne4 Kf5 33.
cxb3 a5 34. Rf7+ Ke6 35. Rf6+ Ke7 36. Rxg6 a4 37. b4 a3 38. Rg5 Ke6 39. Rxh5
Rb8 40. Rh6+ Kd5 41. Ra6 Rxb4 42. Rxa3 Rb2+ 43. Ke3 Rb5 44. Nc3+ 1-0

[Event "Simcoe Day op"]
[Site "Toronto CAN"]
[Date "2002.08.03"]
[Round "2"]
[White "Miller, Evgeny"]
[Black "Tang, Charlie"]
[Result "0-1"]
[WhiteElo "2191"]
[BlackElo "2313"]
[PlyCount "42"]
[EventDate "2002.08.03"]
[EventType "swiss"]
[EventRounds "6"]
[EventCountry "CAN"]

1. e4 c5 2. c3 d5 3. exd5 Qxd5 4. d4 Nc6 5. Nf3 cxd4 6. cxd4 e5 7. Nc3 Bb4 8.
Be3 exd4 9. Nxd4 Nf6 10. Nxc6 Qxc6 11. Qb3 a5 12. Bc4 O-O 13. O-O Bd6 14. h3
Bf5 15. Rfd1 Be5 16. Nd5 Nxd5 17. Bxd5 Qg6 18. Rac1 Rad8 19. Bb6 Rxd5 20. Rxd5
Be4 21. f3 Bxd5 0-1

[Event "Simcoe Day op"]
[Site "Toronto CAN"]
[Date "2002.08.04"]
[Round "3"]
[White "Findlay, Ian"]
[Black "Boross Harmer, Peter"]
[Result "1-0"]
[WhiteElo "2382"]
[BlackElo "2023"]
[PlyCount "49"]
[EventDate "2002.08.03"]
[EventType "swiss"]
[EventRounds "6"]
[EventCountry "CAN"]

1. e4 b6 2. d4 e6 3. Nf3 Bb7 4. Bd3 c5 5. Nc3 cxd4 6. Nxd4 Nc6 7. Nxc6 dxc6 8.
O-O Qf6 9. Qe2 Bd6 10. f4 Bc5+ 11. Be3 Bxe3+ 12. Qxe3 O-O-O 13. e5 Qe7 14. Ne4
f5 15. Nd6+ Kc7 16. a4 Nh6 17. a5 Ra8 18. c4 Ng4 19. Qd2 g5 20. h3 Nh6 21. c5
b5 22. a6 Bc8 23. Qa5+ Kd7 24. Bxb5 cxb5 25. c6+ 1-0

[Event "Simcoe Day op"]
[Site "Toronto CAN"]
[Date "2002.08.04"]
[Round "3"]
[White "Manalo, Pepin"]
[Black "Daniel, Kelvin"]
[Result "0-1"]
[WhiteElo "1895"]
[BlackElo "2064"]
[PlyCount "110"]
[EventDate "2002.08.03"]
[EventType "swiss"]
[EventRounds "6"]
[EventCountry "CAN"]

1. e4 e6 2. d4 d5 3. exd5 exd5 4. Be3 Bd6 5. Nf3 Bg4 6. Be2 Ne7 7. Nc3 c6 8.
Ne5 Be6 9. f4 f6 10. Nd3 Nf5 11. Qd2 h5 12. Bf2 Nd7 13. O-O-O Qe7 14. Rde1
O-O-O 15. h3 h4 16. Bg4 g6 17. Re2 Qf7 18. Rhe1 Nf8 19. Na4 Kb8 20. Nac5 Bc8
21. Qa5 b6 22. Na6+ Ka8 23. Qa4 Qb7 24. Nab4 Bd7 25. Qb3 a5 26. Qa3 Qa7 27.
Nxc6 Bxc6 28. Qc3 Qb7 29. a3 Rh7 30. Bxf5 gxf5 31. Rg1 Ng6 32. Re6 Nxf4 33.
Nxf4 Bxf4+ 34. Kb1 Rc8 35. Qf3 Bg5 36. Qxf5 Rf7 37. Rd6 Rd7 38. Re6 Rf7 39. Rd6
Re7 40. g4 Qc7 41. Rxf6 Bxf6 42. g5 Bg7 43. Bxh4 Bxd4 44. Rd1 Bg7 45. g6 Rf8
46. Qd3 Re4 47. Bg5 Rd4 48. Qe2 Rxd1+ 49. Qxd1 Qe5 50. Bc1 Bb5 51. Qg4 Qf5 52.
Qg1 Kb7 53. h4 Ba4 54. b3 Bxb3 55. Qg2 Rc8 0-1

[Event "Simcoe Day op"]
[Site "Toronto CAN"]
[Date "2002.08.04"]
[Round "3"]
[White "Tang, Charlie"]
[Black "Mahadevan, Suresh"]
[Result "0-1"]
[WhiteElo "2313"]
[BlackElo "2235"]
[PlyCount "72"]
[EventDate "2002.08.03"]
[EventType "swiss"]
[EventRounds "6"]
[EventCountry "CAN"]

1. d4 d5 2. c4 e5 3. dxe5 d4 4. Nf3 Nc6 5. a3 Bg4 6. Bf4 Bxf3 7. gxf3 g5 8. Bg3
Bg7 9. Qb3 Nge7 10. h4 gxh4 11. Bxh4 Nxe5 12. Nd2 Rb8 13. f4 N5g6 14. Bxe7 Qxe7
15. f5 Ne5 16. Bg2 d3 17. e3 O-O 18. Be4 Qf6 19. O-O-O b5 20. Rdg1 bxc4 21. Qc3
Rb6 22. f4 Nd7 23. Nxc4 Qxc3+ 24. bxc3 Rb3 25. Bxd3 Kh8 26. Rxh7+ Kxh7 27. f6+
Kg8 28. fxg7 Rfb8 29. Kc2 Nc5 30. e4 Na4 31. f5 Rxc3+ 32. Kd2 Rd8 33. Nb2 Rxa3
34. Nxa4 Rdxd3+ 35. Kc2 Rf3 36. Nc5 Rac3+ 0-1

[Event "Simcoe Day op"]
[Site "Toronto CAN"]
[Date "2002.08.04"]
[Round "3"]
[White "Thavandiran, Shiyam"]
[Black "Miller, Evgeny"]
[Result "0-1"]
[WhiteElo "2013"]
[BlackElo "2191"]
[PlyCount "74"]
[EventDate "2002.08.03"]
[EventType "swiss"]
[EventRounds "6"]
[EventCountry "CAN"]

1. e4 c6 2. d4 d5 3. e5 Bf5 4. c3 e6 5. Ne2 Nd7 6. Ng3 Bg6 7. Nd2 Ne7 8. h4 h6
9. Nb3 c5 10. Be3 Nc6 11. h5 Bh7 12. f4 cxd4 13. cxd4 Nb4 14. Kf2 Rc8 15. Be2
Be7 16. Bd2 O-O 17. Bxb4 Bxb4 18. Bg4 Rc2+ 19. Kg1 Rxb2 20. f5 exf5 21. Nxf5
Qg5 22. Qf3 Nb6 23. Rh3 Rc2 24. Rf1 Rc3 25. Qe2 Rxh3 26. Bxh3 Nc4 27. Kh2 Nd2
28. Nxd2 Bxd2 29. Nd6 Bf4+ 30. Kh1 Qg3 31. Kg1 Bd3 32. Qg4 Be3+ 33. Kh1 Qxg4
34. Bxg4 Bxf1 35. e6 fxe6 36. Bxe6+ Kh7 37. Bf5+ Rxf5 0-1

[Event "Simcoe Day op"]
[Site "Toronto CAN"]
[Date "2002.08.04"]
[Round "4"]
[White "Filipovich, David"]
[Black "Thavandiran, Shiyam"]
[Result "1-0"]
[WhiteElo "2309"]
[BlackElo "2013"]
[PlyCount "41"]
[EventDate "2002.08.03"]
[EventType "swiss"]
[EventRounds "6"]
[EventCountry "CAN"]

1. Nf3 d5 2. g3 c6 3. Bg2 Bg4 4. c4 Bxf3 5. Bxf3 dxc4 6. Na3 c3 7. bxc3 Nf6 8.
Rb1 Qc8 9. Qb3 b6 10. d4 e6 11. Bf4 Be7 12. Nb5 Na6 13. Nd6+ Bxd6 14. Bxd6 Kd7
15. Ba3 Nc7 16. Qb4 c5 17. dxc5 Ncd5 18. Qb5+ Kc7 19. c4 a6 20. cxb6+ Kb8 21.
Qb3 1-0

[Event "Simcoe Day op"]
[Site "Toronto CAN"]
[Date "2002.08.04"]
[Round "4"]
[White "MacLeod, Steven"]
[Black "Dutton, Warren"]
[Result "1/2-1/2"]
[WhiteElo "2076"]
[BlackElo "1998"]
[PlyCount "50"]
[EventDate "2002.08.03"]
[EventType "swiss"]
[EventRounds "6"]
[EventCountry "CAN"]

1. c4 c5 2. g3 Nf6 3. Bg2 g6 4. Nc3 Nc6 5. a3 Bg7 6. Rb1 a5 7. Nh3 O-O 8. O-O
d6 9. Nf4 Bf5 10. d3 Re8 11. Bd2 Ra6 12. Nb5 e5 13. Nd5 Nxd5 14. Bxd5 e4 15.
dxe4 Bxe4 16. Bxe4 Rxe4 17. Bf4 Nd4 18. Nc3 Re8 19. Re1 Qd7 20. Be3 Qh3 21. Nd5
Qd7 22. Bxd4 cxd4 23. Qd3 a4 24. b4 axb3 25. Qxb3 Rc6 1/2-1/2

[Event "Simcoe Day op"]
[Site "Toronto CAN"]
[Date "2002.08.04"]
[Round "4"]
[White "Mahadevan, Suresh"]
[Black "Findlay, Ian"]
[Result "0-1"]
[WhiteElo "2235"]
[BlackElo "2382"]
[PlyCount "56"]
[EventDate "2002.08.03"]
[EventType "swiss"]
[EventRounds "6"]
[EventCountry "CAN"]

1. e4 c5 2. f4 e6 3. Nf3 Nc6 4. Be2 d6 5. O-O Nf6 6. d3 Be7 7. c3 c4 8. e5 cxd3
9. Bxd3 Ng4 10. Nd4 dxe5 11. Qxg4 exd4 12. Qxg7 Bf6 13. Qg3 Qb6 14. Kh1 Bd7 15.
Nd2 O-O-O 16. Ne4 Be7 17. Qf2 f5 18. Nd2 Bf6 19. Nc4 Qc7 20. cxd4 Nb4 21. Rd1
Ba4 22. a3 Bxd1 23. axb4 Rxd4 24. Bf1 Rxc4 25. Bxc4 Qxc4 26. Bd2 Qe2 27. Qc5+
Kd7 28. Be3 Rg8 0-1